书目信息 |
| 题名: |
环境污染控制
|
|
| 作者: | 冯裕华 , 傅仲逑 主编 | |
| 分册: | ||
| 出版信息: | 北京 中国环境科学出版社 2004 |
|
| 页数: | 284页 | |
| 开本: | 26cm | |
| 丛书名: | ||
| 单 册: | ||
| 中图分类: | X506 | |
| 科图分类: | ||
| 主题词: | 环境污染--污染控制--高等学校--教材 , 环境污染 , 污染控制 | |
| 电子资源: | ||
| ISBN: | 7-80163-760-7 | |
| 000 | 00971nam0 2200289 450 | |
| 001 | 002644749 | |
| 005 | 20040614161005.0 | |
| 010 | @a7-80163-760-7@dCNY32.00 | |
| 100 | @a20040518d2004 em y0chiy0110 ea | |
| 101 | 0 | @achi |
| 102 | @aCN@b110000 | |
| 105 | @ay z 000y y | |
| 106 | @ar | |
| 200 | 1 | @a环境污染控制@Ahuan jing wu ran kong zhi@f冯裕华,傅仲逑主编@Ffeng yu hua, fu zhong qiu zhu bian |
| 210 | @a北京@c中国环境科学出版社@d2004 | |
| 215 | @a284页@d26cm | |
| 300 | @a高等院校环境科学系列教材 | |
| 304 | @a封面责任者题:冯裕华,付仲逑编著 | |
| 330 | @a本书对环境污染控制方面的有关理论、政策,计算、操作方法,污染源的识别与解析,生产工艺与控制技术的选择确定等进行全面阐述。 | |
| 606 | 0 | @a环境污染@x污染控制@x高等学校@j教材 |
| 606 | 0 | @a环境污染 |
| 606 | 0 | @a污染控制 |
| 690 | @aX506@v4 | |
| 701 | 0 | @a冯裕华@Afeng yu hua@4主编 |
| 701 | 0 | @a傅仲逑@Afu zhong qiu@4主编 |
| 801 | 0 | @aCN@bNLC@c20040615 |
| 905 | @dX506@e28 @f2 | |
| 环境污染控制/冯裕华,傅仲逑主编.-北京:中国环境科学出版社,2004 |
| 284页;26cm |
| 高等院校环境科学系列教材 |
| ISBN 7-80163-760-7:CNY32.00 |
| 本书对环境污染控制方面的有关理论、政策,计算、操作方法,污染源的识别与解析,生产工艺与控制技术的选择确定等进行全面阐述。 |
| ● |
| 相关链接 |
|
|
|
|
正题名:环境污染控制
索取号:X506/28
 
预约/预借
| 序号 | 登录号 | 条形码 | 馆藏地/架位号 | 状态 | 备注 |
| 1 | 0346826 | 203468265 | 第二样本阅览室/ [索取号:X506/28] | 在馆 | |
| 2 | 0346827 | 203468274 | 第三借阅区/ [索取号:X506/28] | 在馆 | |
| 3 | 0346828 | 203468283 | 第三借阅区/ [索取号:X506/28] | 在馆 | |
| 4 | 0346829 | 203468292 | 第三借阅区/ [索取号:X506/28] | 在馆 | |
| 5 | 0346830 | 203468309 | 第三借阅区/ [索取号:X506/28] | 在馆 | |
| 6 | 0853561 | 208535619 | 第三借阅区/ [索取号:X506/28] | 在馆 | |
| 7 | 0853562 | 208535628 | 第三借阅区/ [索取号:X506/28] | 在馆 |